Statistics for Male Placings: 2018 Ballon d'Or

Click here to take the quiz!

General Stats

  • This quiz has been taken 51 times
  • The average score is 19 of 30

Answer Stats

Answer% Correct
2Cristiano Ronaldo
100%
5Lionel Messi
100%
1Luka Modrić
98%
4Kylian Mbappé
96%
3Antoine Griezmann
92%
6Mohamed Salah
88%
12Neymar
83%
22Sadio Mané
81%
9Kevin De Bruyne
75%
7Raphaël Varane
73%
19Sergio Ramos
71%
17Gareth Bale
69%
17Karim Benzema
67%
13Luis Suárez
67%
15Paul Pogba
67%
11N'Golo Kanté
63%
8Eden Hazard
58%
29Hugo Lloris
58%
19Roberto Firmino
58%
25Alisson
56%
10Harry Kane
56%
16Sergio Agüero
50%
14Thibaut Courtois
50%
19Ivan Rakitić
48%
22Marcelo
42%
25Mario Mandžukić
33%
22Edinson Cavani
31%
29Isco
25%
25Jan Oblak
23%
28Diego Godín
19%

Score Distribution

Percentile by Number Answered

Percent of People with Each Score

Your Score History

You have not taken this quiz